000 00409nam a2200181Ia 4500
001 17745
005 20260306171539.0
008 260306s9999||||xx |||||||||||||| ||und||
041 _aESP
082 _a658.15
_bV28 1997
100 _aVan Horne, James C.
_eAUT
245 0 _aAdministración financiera
260 _c1997
300 _a
_c
650 _aGEN
654 _aCAN
942 _cLIB
_dJUS
_fJUS
_2ddc
_n
999 _c17745
_d17745